000 02086nam a2200541Ii 4500
001 DIGEDIUOC875
003 NyNyDIG
008 200205s2016 sp a ob 000 0 spa d
006 m o d
007 cr |||||||||||
035 _a(OCoLC)1140375848
040 _aDGITA
_beng
_erda
_epn
_cDGITA
020 _a9788491164722
_q(eBook ;
_qpdf)
020 _a8491164723
_q(eBook ;
_qpdf)
020 _a9788491164739
_q(eBook ;
_qePub)
020 _a8491164731
_q(eBook ;
_qePub)
020 _z9788491164715
020 _z8491164715
050 1 4 _aP93.55 ebook
100 1 _aMarta Lazo, Carmen,
_eauthor.
245 1 0 _aComunicación digital :
_bun modelo basado en el Factor R-elacional /
_cCarmen Marta-Lazo, José Antonio Gabelas Barroso ; prólogo de Sara Osuna Acedo.
250 _aPrimera edición digital.
264 1 _aBarcelona :
_bEditorial UOC,
_c2016.
300 _a1 online resource :
_billustrations.
336 _atext
_btxt
_2rdacontent
337 _acomputer
_bc
_2rdamedia
338 _aonline resource
_bcr
_2rdacarrier
347 _atext file
_2rdaft
347 _bPDF
347 _bEPUB
490 1 _aManuales ;
_v445.
_aComunicación
504 _aIncludes bibliographical references.
588 0 _aOnline resource; title from PDF title page (Digitalia, viewed February 5, 2020)
650 0 _aDigital media
_xSocial aspects.
650 0 _aCommunication and education.
650 0 _aMedia literacy.
655 0 _aElectronic books.
700 1 _aGabelas, José Antonio,
_d1957-
_eauthor.
700 1 _aOsuna Acedo, Sara,
_econtributor agent of text.
791 2 _aDigitalia (Firm),
_edistributor.
793 0 _gDigitalia eBook Collection:
_aUniversitat Oberta de Catalunya.
776 0 8 _iPrint version:
_aMarta Lazo, Carmen.
_tComunicación digital.
_dBarcelona : Editorial UOC, 2016
_z9788491164715
830 0 _aManuales (Editorial UOC) ;
_v445.
830 0 _aManuales (Editorial UOC).
_pComunicación.
856 4 0 _3Digitalia Hispánica
_uhttps://www.digitaliapublishing.com/a/47349/
910 _aPremium collection: 2020
942 _cRAA
999 _c250204
_d250204